Advanced Engine Technology / (Record no. 12013)
[ view plain ]
| 000 -LEADER | |
|---|---|
| fixed length control field | 00966cam a2200241 a 4500 |
| 001 - CONTROL NUMBER | |
| control field | 2563693 |
| 005 - DATE AND TIME OF LATEST TRANSACTION | |
| control field | 20001129093335.0 |
| 008 - FIXED-LENGTH DATA ELEMENTS--GENERAL INFORMATION | |
| fixed length control field | 951006s1995 paua 001 0 eng |
| 010 ## - LIBRARY OF CONGRESS CONTROL NUMBER | |
| LC control number | 95074841 |
| 020 ## - INTERNATIONAL STANDARD BOOK NUMBER | |
| International Standard Book Number | 0340568224 |
| 040 ## - CATALOGING SOURCE | |
| Original cataloging agency | DLC |
| Transcribing agency | DLC |
| Modifying agency | DLC |
| 050 00 - LIBRARY OF CONGRESS CALL NUMBER | |
| Classification number | TL210 |
| Item number | .H36 1995 |
| 082 00 - DEWEY DECIMAL CLASSIFICATION NUMBER | |
| Classification number | 629.25 |
| Edition number | 22 |
| Item number | HEI |
| 100 1# - MAIN ENTRY--PERSONAL NAME | |
| Personal name | Heisler, Heinz. |
| 9 (RLIN) | 6858 |
| 245 10 - TITLE STATEMENT | |
| Title | Advanced Engine Technology / |
| Statement of responsibility, etc | Heinz Heisler. |
| 260 ## - PUBLICATION, DISTRIBUTION, ETC. (IMPRINT) | |
| Place of publication, distribution, etc | London : |
| Name of publisher, distributor, etc | Edward Arnold, |
| Date of publication, distribution, etc | c1995. |
| 300 ## - PHYSICAL DESCRIPTION | |
| Extent | ix, 794 p. : |
| Other physical details | ill. ; |
| Dimensions | 25 cm. |
| 500 ## - GENERAL NOTE | |
| General note | Includes index. |
| 650 #0 - SUBJECT ADDED ENTRY--TOPICAL TERM | |
| Topical term or geographic name as entry element | Automobiles |
| General subdivision | Motors |
| -- | Design and construction. |
| 9 (RLIN) | 6859 |
| 942 ## - ADDED ENTRY ELEMENTS (KOHA) | |
| Source of classification or shelving scheme | Dewey Decimal Classification |
| Item type | Book - Borrowing |
| Withdrawn status | Item status | Source of classification or shelving scheme | Damaged status | Not for loan | Vendor | Home library | Current library | Shelving location | Date acquired | Source of acquisition | Cost, normal purchase price | Total Checkouts | Total Renewals | Full call number | Barcode | Date last seen | Date last borrowed | Koha item type |
|---|---|---|---|---|---|---|---|---|---|---|---|---|---|---|---|---|---|---|
| Dewey Decimal Classification | Alef-Baa | Central Library | Central Library | First floor | 24/06/2009 | 150.00 | 4 | 26 | 629.25 HEI | 000017046 | 15/07/2025 | 08/12/2015 | Book - Borrowing |